| 000 | 01026cam a2200265 4500 | ||
|---|---|---|---|
| 001 | ABS63387 | ||
| 008 | 000000n2001 000 0 eng u | ||
| 035 | _a(Sirsi) u110687 | ||
| 100 | _aCannon, J. | ||
| 245 | _aBuilding Intelligence | ||
| 260 | _c2001 | ||
| 490 |
_aBuilding _v266(8165) 19 January 2001, 64-71(8) |
||
| 520 | _aAn analysis of the key economic indicators for the UK construction industry, which reveals that construction is set for slow growth across Europe. Whilst there are few indications of a slowdown in new work and builders merchants' sales continued to rise, output fell in the third quarter of 2001 and the number of new homes under construction also declined. | ||
| 590 | _aABS | ||
| 650 | _aCOMMERCIAL SECTOR | ||
| 650 | _aCONSTRUCTION MARKET | ||
| 650 | _aHOUSE BUILDING | ||
| 650 | _aINDUSTRIAL SECTOR | ||
| 650 | _aOUTPUT | ||
| 650 | _aRESIDENTIAL SECTOR | ||
| 650 | _aSOCIAL HOUSING | ||
| 650 | _aWORKLOADS | ||
| 690 | _aBUILT ENVIRONMENT-CONSTRUCTION MARKET | ||
| 942 | _n0 | ||
| 999 |
_c65961 _d65961 |
||